000 00699nam a22002057a 4500
003 OSt
005 20250714083030.0
008 250714b |||||||| |||| 00| 0 eng d
020 _a0917572009
040 _aDWCL - Main lib
_cOC
082 _aCirc. 332.024 P978c 1974
100 _aPugsley, John A.
245 _aCommon sense economics :
_byour money what it is and how to keep it!/
_cJohn A. Pugsley
250 _aNew expanded edition.
260 _aCosta Mesa, California :
_bThe Common Sense Press,
_c c1974.
300 _a xiii, 327 pages ;
_c 24 cm.
504 _aIncludes bibliographical references.
650 _a1. Economics.
942 _2ddc
_cBK-CIRC
_eNew expanded edition.
_kCirc.
_n0
999 _c3660
_d3660